Diccionario Francés- Español

Gespeichert in:
Bibliographische Detailangaben
Format: Buch
Sprache:Französisch
Spanisch
Veröffentlicht: Barcelona Sociedad General de Publicaciones [s.a.]
Tags: Tag hinzufügen
Keine Tags, Fügen Sie das erste Tag hinzu!

MARC

LEADER 00000nam a2200000 4500
001 0307713
005 20250318135149.1
041 0 |a fre 
041 0 |a spa 
044 |a ES 
245 1 0 |a Diccionario Francés- Español  |c Arturo Cuyás Armengol 
264 1 |a Barcelona  |b Sociedad General de Publicaciones  |c [s.a.]